000 00906nam a2200217 4500
999 _c13019
_d13019
003 MIRAKIL
005 20190322144258.0
008
020 _a9789757235965
040 _cTR-AnCHP
_aTR-AnCHP
082 _a720.956
_bK89 2009
245 1 0 _aKuzeydoğu Anadolu'da mimari=Architecture in Northeastern Anatolia :
_bKars Ani-Kağızman, Ardahan Çıldır, Erzurum Oltu-Şenkaya, Rize Hemşin-Çamlıhemşin /
_ceditörler Murat Ural, Figen Kuzucu.
246 3 4 _aArchitecture in Northeastern Anatolia.
260 _aİstanbul:
_bMilli Reasurans Sanat Galerisi,
_c2009.
300 _a255 s. :
_bfotğ., hrt. ;
_c32 sm.
650 0 _aMimari
_95545
_xKuzeydoğu Anadolu
700 _aUral, Murat
_95548
_eed.
700 _aKuzucu, Figen
_95549
_eed.
740 _aKars Ani-Kağızman, Ardahan Çıldır, Erzurum Oltu-Şenkaya, Rize Hemşin-Çamlıhemşin
942 _2ddc
_cBKS